Biblioteca

Jesús y la arqueología (Registro nro. 42673)

Detalles MARC
000 -LÍDER
Campo fijo de descripción fija 02594aaa a2200313 i 4500
001 - NÚMERO DE CONTROL
Campo de control 768714001
003 - IDENTIFICADOR DEL NÚMERO DE CONTROL
Campo de control CO-MdFUSB
005 - FECHA Y HORA DE LA ULTIMA TRANSACCIÓN
control field 20220601124047.0
008 - ELEMENTOS DE LONGITUD FIJA -- INFORMACIÓN GENERAL
Campo fijo de descripción fija -- Información general 220601t2009 sp |||| |||| 00| 0 spa d
020 ## - NÚMERO INTERNACIONAL NORMALIZADO PARA LIBROS
Número Internacional Normalizado del libro 9788481699340
040 ## - FUENTE DE CATALOGACIÓN
Idioma de catalogación spa.
Agencia de catalogación original CO-MdFUSB
Agencia que realiza la transcripción CO-MdFUSB
Agencia que realiza la modificación CO-MdFUSBC
Convenciones de la descripción rda
041 ## - CÓDIGO DE IDIOMA
Código de idioma para texto/pista de sonido o título separado spa
082 04 - NÚMERO DE CLASIFICACIÓN DECIMAL DEWEY
Número de clasificación 225.9
Número de la edición del Dewey C4777
245 10 - TÍTULO
Título del Material Jesús y la arqueología
Mención de responsabilidad, etc. Editado por James H. Charlesworth ; traducido por José Pedro Tosaus Abadía
264 #1 - PRODUCCIÓN, PUBLICACIÓN, DISTRIBUCIÓN, MANUFACTURA, Y COPYRIGHT
Lugar de producción, publicación, distribución, manufactura España :
Nombre del productor, publicador, distribuidor Verbo Divino,
Fecha de producción, publicación, distribución, manufactura, o copyright [2009]
264 #4 - PRODUCCIÓN, PUBLICACIÓN, DISTRIBUCIÓN, MANUFACTURA, Y COPYRIGHT
Fecha de producción, publicación, distribución, manufactura, o copyright © 2009
300 ## - DESCRIPCIÓN FÍSICA
Extensión 687 p. ; Cartoné; 15.5 × 24 cm
Dimensiones ;
336 ## - TIPO DE CONTENIDO
Fuente rdacontent
Término de tipo de contenido texto
Código de tipo de contenido txt
337 ## - TIPO DE MEDIO
Fuente rdamedia
Nombre del tipo de medio sin mediación
Código del tipo de medio n
338 ## - TIPO DE SOPORTE
Fuente rdacarrier
Nombre del tipo de soporte volumen
Código Tipo de soporte nc
500 ## - NOTA GENERAL
Nota General Título original: Jesus and archaeology \ Contiene índice geográfico \ Contiene glosario.
501 ## - NOTA DE “CON”
Nota de Contenido Pasta dura
505 ## - NOTA DE CONTENIDO
Nota de contenido con formato preestablecido La Investigación sobre Jesús y la arqueología / James H. Charlesworth -- La arqueología y el Jesús histórico / Sean Freyne -- La recuperación de la mamzerut de Jesús / Bruce Chilton -- ¿Construyó Antipas el teatro de Séforis? / Richard A. Batey -- Khirbet Qana (y otros pueblos) como contexto de Jesús / Peter Richardson -- Betsaida / Rami Arav -- El monte Tabor / Frédéric Manns -- Jesús el exorcista a la luz de las fuentes epigráficas / Esther Eshel -- ¿Asistió Jesús a la sinagoga? / James D. G. Duna -- Sinagogas y espiritualidad: el caso de Beth Alfa / Benedict Thomas Viviano, O.P. -- La inscripción sinagogal de Teodoto y el problema de los edificios sinagogales del siglo I / John S. Kloppenborg -- Jesús y el teatro de Jerusalén / Achim Lichtenberger -- Jesús y el monte del Templo herodiano / Dan Bahat -- El monte Sión, Jesús y la arqueología / Bargil Pixner, O.S.B. -- Caifás, Pilato y Simón de Cirene de nuevo a la luz / Craig A. Evans -- La "casa de piedra", la Birah y la Antonia en tiempos de Jesús / Daniel R. Schwartz -- Milagros, maleficium y maiestas en el juicio de Jesús / John W. Welch -- Ramat Hanadiv y Engadí: propiedad y pobreza en Judea antes del 70 / Yizhar Hirschfeld -- Entre Jerusalén y Galilea: Samaría en tiempos de Jesús / Jürgen Zangenberg -- Los santuarios del bautismo en la ribera este del río Jordán / Michele Piccirillo, O.F.M.-- Los cementerios de Qumrán y el celibato: ¿confusión enterrada? / Joseph E. Zias -- Casas de la comunidad esenias y comunidad primitiva de Jesús / Brian J. Capper
650 #7 - ASIENTO SECUNDARIO DE MATERIA - TERMINO TEMÁTICO
Término temático o nombre geográfico como elemento de entrada Arqueología bíblica
Fuente del encabezamiento o término embne
9 (RLIN) 2124
650 #7 - ASIENTO SECUNDARIO DE MATERIA - TERMINO TEMÁTICO
Término temático o nombre geográfico como elemento de entrada Cristología
9 (RLIN) 239
700 1# - ASIENTO SECUNDARIO - NOMBRE PERSONAL
Nombre personal Charlesworth, James H. , ed.
942 ## - TIPO DE MATERIAL (KOHA)
Tipo de Item KOHA Libros General
945 ## - INFORMACIÓN LOCAL DEL REGISTRO
Catalogador Estudiante
Existencias
Estado de Material Estado de Perdido Forma de Clasificación Estado de Dañado No para Préstamo Colección Tomo Biblioteca de Origen Biblioteca Permanente Fecha de Adquisición Total de Préstamos Signatura Topográfica Código de Barras Última vez visto Ejemplar/Existencia Fecha de Remplazo Tipo de Material
    Dewey Decimal Classification     Colección General   Biblioteca FUSBC Biblioteca FUSBC 13/09/2010   G 225.9 C4777j 17161 12/02/2021 1 26/01/2016 Libros General

Biblioteca FUSBC | Teléfono: (57+4) 349 88 10 Ext. 141| WhatsApp (+57) 3005338115 
E-mail: biblioteca@unisbc.edu.co | Calle 76 87-14 Robledo Palenque, Medellín, Colombia

Con tecnología Koha